Couleur Orange - Statistiques

Statistiques générales
  • Ce quiz a été pris 64 fois
  • Le résultat moyen est 8 sur 15
Statistiques - réponses
Indice Réponse % Correct
Entreprise française de télécommunications Orange
98%
Marque française de stylo dont le logo est constitué d'orange et de noir Bic
90%
Le chat de ce célèbre dessin animé est orange Garfield
90%
Ce président est réputé pour avoir la peau orange Trump
84%
Le drapeau de ce pays le plus peuplé au monde contient la couleur orange Inde
81%
Logo de couleur orange d'une plateforme chinoise de commerce en ligne Temu
74%
Ce département français commence aussi par "Or" comme orange Orne
61%
Mot difficile à prononcer en espagnol qui se traduit par "orange" en français Naranja
55%
Cet élément qui est une découverte majeure lors de la préhistoire est de couleur orange Feu
45%
La couleur orange est la couleur fétiche de ce signe du zodiaque Lion
45%
Si vous êtes très déshydraté, votre_______ (5 lettres) sera de cette couleur (orange) Urine
44%
Pour obtenir une célèbre boisson, il faut ajouter trois lettres (tapez seulement ces trois lettres) Ade
24%
Il a chanté "l'orange du marchand" Gilbert Bécaud
21%
La couleur orange est associée à ce cancer pour en représenter la lutte (ruban) Leucémie
16%
Fruit connu des Grecs et des Romains seulement à partir du Moyen-âge L'orange
3%
Aucun quiz correspondant
Distribution des résultats
% des personnes avec chaque résultat
Percentile par nombre de réponses
Votre historique - résultats
Vous n’avez pas pris ce quiz